000 01118nam a22002537a 4500
999 _c22611
_d22611
003 AR-CdUCM
008 190409b ||||| |||| 00| 0 spa d
020 _a9786124150357
040 _aMUNICIPALIDAD PROVINCIAL DEL CUSCO
_cBIBLIOTECA MUNICIPAL DEL CUSCO
082 _a324.68/O
_bO
245 _aUna onda expansiva :
_blas revocatorias en el Perú y América Latina /
_cFernando Tuesta Soldevilla, editor ; Facundo Arques, Ana Beatriz Franco-Cuervo, Miriam Kornblith... [et al.] ; [prólogo, Francisco Távara Córdova ; presentacion, Henry Pease García]
260 _aLima :
_bJurado Nacional de Elecciones,
_bPUCP,
_c2014.
300 _a255 páginas. :
_bilustraciones ;
_c24 cm.
500 _zIncluye bibliografía.
650 _aRevocación popular
_98240
650 _aElecciones municipales
_948654
650 _aSistema electoral
_944786
650 _aAmérica Latina
_948655
700 _aTuesta Soldevilla, Fernando
_eeditor
_944556
710 _aJurado Nacional de Elecciones
_tentidad editora
_948650
710 _aPontificia Universidad Católica del Perú
_9400
942 _2ddc
_cLIBROS
945 _arac